000 00851cab a2200229 4500
001 WB3221-41
008 090401t1996 xxu||||| |||| 00| 0 eng d
035 _a(Sirsi) u14024
041 _aeng
245 _aUnified classification
260 _c1996
350 _a0
490 _aConstruction Industry Information Group Information Sheet
_vMay 1996, 3(1)
520 _aA draft version of the Unified Classification scheme for organising information materials will be published on 30 May 1996, for public comment by 31 July 1996. Copies available from NBS Services tel. 0191-2329594, price £10.
650 _aCOMMON ARRANGEMENT OF WORK SECTIONS
650 _aEPIC
650 _aNBS SERVICES
650 _aUNIFIED CLASSIFICATION SCHEME
690 _aMANAGEMENT-BUSINESS MANAGEMENT-PROFESSIONAL PRACTICE
942 _n0
948 _c04/03/1997
999 _c9082
_d9082